| 000 | 00423nam a2200157Ia 4500 | ||
|---|---|---|---|
| 008 | 230917s9999||||xx |||||||||||||| ||und|| | ||
| 040 |
_e113568 _aMAIN |
||
| 041 | _aEnglish | ||
| 082 | _a658 R534F | ||
| 100 | _aRobbins, Stephen | ||
| 245 | 0 | _aFundamemtals of management: Essential concepts and applications | |
| 250 | _a5th ed. | ||
| 260 |
_aNew Delhi _bPearson Prentice-Hall _c2005 |
||
| 300 | _a573 p. | ||
| 942 | _cBK | ||
| 999 |
_c136692 _d136692 |
||